Statistics for 20 Biggest Cities in Kansas

Click here to take the quiz!

General Stats

  • This quiz has been taken 60 times
  • The average score is 11 of 20

Answer Stats

PopulationAnswer% Correct
156,607Kansas City
100%
397,532Wichita
96%
124,374Topeka
93%
53,846Manhattan
75%
201,034Overland Park
75%
100,205Lawrence
71%
141,290Olathe
71%
46,889Salina
61%
67,311Shawnee
57%
28,151Garden City
54%
27,788Dodge City
50%
24,139Emporia
50%
21,116Hays
50%
57,434Lenexa
46%
39,925Hutchinson
43%
37,351Leavenworth
43%
22,957Prairie Village
29%
23,287Gardner
25%
25,625Derby
21%
33,902Leawood
21%

Score Distribution

Percentile by Number Answered

Percent of People with Each Score

Your Score History

You have not taken this quiz